| 000 | 00000nam##2200000za#4500 |
| 001 | 9.603737 |
| 003 | CaOODSP |
| 005 | 20210624211224 |
| 007 | cr ||||||||||| |
| 008 | 150406|1997||||xxc|||||o f|0| 0 fre|d |
| 040 | |aCaOODSP|bfre |
| 043 | |an-cn--- |
| 086 | 1 |aH42-2/67-12-1997F-PDF |
| 110 | 1 |aCanada.|bSanté Canada. |bDirection des produits thérapeutiques. |
| 245 | 10|aConsidérations générales relatives aux études cliniques : |h[ressource électronique]|bDirective tripartite harmonisée de la CIH - Conférence internationale sur l'harmonisation des exigences techniques relatives à l'homologation des produits pharmaceutiques à usage humain |
| 260 | |aOttawa - Ontario : |bSanté Canada. |c1998, c1997. |
| 300 | |a29p.|bfigure, tableaux |
| 490 | 1 |aDirectives de la Direction des produits thérapeutiques |
| 500 | |aLe n° de catalogue (H42-2/67-12-1997IN) et l'ISBN (0-662-26385-5) copiés dans cette édition PDF sont incorrects. |
| 590 | |a12-14-Supp|b2012-04-10 |
| 775 | 08|tGeneral considerations for clinical trials |w(CaOODSP)9.573626 |
| 776 | 0#|tDirective tripartite harmonisée de la CIH: considérations générales relatives aux études cliniques : |w(CaOODSP)9.624611 |
| 830 | #0|aDirectives de la Direction des produits thérapeutiques.|w(CaOODSP)9.503316 |
| 856 | 40|ahttp://publications.gc.ca|qPDF|s113 Ko|uhttps://publications.gc.ca/collections/Collection/H42-2-67-12-1997F.pdf |